Circuits, devices, and systems : a first course in electrical engineering /

Gorde:
Xehetasun bibliografikoak
Egile nagusia: Smith, Ralph J.
Formatua: Liburua
Hizkuntza:English
Argitaratua: New York : John Wiley and Sons, 1992.
Edizioa:5th ed.
Gaiak:
Etiketak: Etiketa erantsi
Etiketarik gabe, Izan zaitez lehena erregistro honi etiketa jartzen!
Thư viện lưu trữ: Mạng thư viện Đại học Đà Nẵng
LEADER 00897cam a2200325 i 4500
001 000046105
003 5376
005 20030317144132.0
008 010220|1992 vm 000 eng
020 |a 0471839442 
040 |a IRC  |c IRC  |d IRC 
041 0 |a eng 
082 1 4 |a 621.3  |b SM-R 
100 1 |a Smith, Ralph J.  |q (Ralph Judson) 
245 0 0 |a Circuits, devices, and systems :  |b a first course in electrical engineering /  |c Smith, Ralph J. (Ralph Judson) 
250 |a 5th ed. 
260 |a New York :  |b John Wiley and Sons,  |c 1992. 
300 |a xi, 868p. :  |b ill. (some col.) 
630 0 4 |a Electric engineering. 
650 0 4 |a Electric engineering. 
OWN |a DUT 
999 |a From the UDN01 
TYP |a Monograph 
TYP |a Printed language 
980 |a Mạng thư viện Đại học Đà Nẵng